Filosofía de la religión. Últimas lecciones.
Saved in:
| Hovedforfatter: | |
|---|---|
| Andre forfattere: | |
| Format: | Ukendt |
| Udgivet: |
Madrid, España:
Trotta,
2018.
|
| Serier: | Colección Torre del Aire
|
| Fag: | |
| Tags: |
Tilføj Tag
Ingen Tags, Vær først til at tagge denne postø!
|
MARC
| LEADER | 00000 a2200000 4500 | ||
|---|---|---|---|
| 003 | CL-VaPUC | ||
| 005 | 20221024103607.0 | ||
| 008 | 221017t2018 ||||| |||| 00| 0 eng d | ||
| 999 | |c 436410 |d 436408 | ||
| 020 | |a 978-84-9879-710-7 | ||
| 040 | |c Pontificia Universidad Católica de Valparaíso | ||
| 082 | |a 200.1 HEG 2018 | ||
| 100 | |a Hegel, Georg Wilhelm Friedrich |9 580639 |e autor | ||
| 245 | |a Filosofía de la religión. |b Últimas lecciones. | ||
| 260 | |a Madrid, España: |b Trotta, |c 2018. | ||
| 300 | |a 373 páginas. | ||
| 490 | |a Colección Torre del Aire | ||
| 583 | |k GC |c 20221017 | ||
| 650 | |a Filosofía de la religión |9 256017 | ||
| 650 | |a Filosofía alemana |9 265002 | ||
| 700 | |a Ferrara, Ricardo |e edición y traducción |9 877694 | ||
| 942 | |2 ddc |c BK | ||
| 952 | |0 0 |1 0 |2 ddc |4 0 |6 200_100000000000000_HEG_2018 |7 0 |8 A |9 587228 |a BIBTEO |b BIBTEO |c GEN |d 2022-10-13 |e 3 |g 29469.00 |i 5655161 |o 200.1 HEG 2018 |p 5655161 |r 2025-01-17 |t 1 |v 29469.00 |w 2022-10-13 |y BK |k ICR | ||